000 00693nam a2200229 i 4500
001 bg
100 1 _aMANDELBROT, Benoit B.
245 1 0 _aFractals and scaling in finance :
_bdiscontinuity, concentration, risk /
_cBenoit B. Mandelbrot ; with foreword by R.E. Gomory.
260 _aNew York [etc.] :
_bSpringer,
_c1997.
300 _aX, 551 s. :
_b1 fot., wykr. ;
_c25 cm.
490 1 _aSelecta ;
_vVol.E
650 9 _aGeometria fraktalna
_xstosowanie
_xfinanse
700 1 _aGOMORY, R. E.
830 _aSelecta ;
020 _a0387983635
040 _cBPK
041 0 _aen
080 _a514:336
920 _a0-387-98363-5
942 _cKS
008 s pl f |000 0 pol
999 _c38599
_d38599
856 _uhttp://koha.tu.koszalin.pl/cgi-bin/koha/opac-detail.pl?biblionumber=38599
_yKatalog online BPK